000
00296nam a2200097Ia 4500
008
240331s9999 xx 000 0 und d
082
_b
KUM
100
_a
Kumar, R
245
4
_a
The history of doing :
_b
an illustrated account of movements for women's rights and feminism in India 1800-1990
942
_c
L
999
_c
1917
_d
1917